000 00613nam a2200193 i 4500
001 70101
003 ES-MaACL
005 20231205195753.0
007 t|
008 040716s1944 sp ||||1| spa d
100 1 _aGarcía Nieto, José,
_d1914-2001
_955029
245 1 0 _aPoesía
_b: 1940-1943 /
_cJosé García Nieto ; retrato del autor por Rafael Pena.
260 _aMadrid :
_bGarcilaso,
_c[1944] (
_fGráficas Uguina)
300 _a196 p., 1 lám. ;
_c22 cm.
700 1 _aPena, Rafael.
_990138
852 _aES-MaACL
_jB-10072
_bR.21500
852 _aES-MaACL
_jF-15897
_bR.20603
999 _c70101
_d70101